VYBRANÉ REPRODUKČNÉ CHARAKTERISTIKY ŠŤUKY SEVERNEJ (Esox lucius L. 1758) V HYDROMELIORAČNÝCH KANÁLOCH PRI HRANI (POVODIE ONDAVY)

Bibliographic Details
Main Author: Mižura, Jozef (Author)
Format: Article
Language:Slovak

MARC

LEADER 00000nab a2200000 a 4500
001 vtls011129336
003 SK-MaSNL
005 20260303122243.0
008 230207|1998 xo |||||||||||||||||slo|
015 |a SNBRB 
035 |a (uuid)7b61b765-68db-42e2-9f35-5d5da4c202fd 
035 |a (urnnbn)urn:nbn:sk:snk:ar-a09ivh 
035 |a urn:nbn:sk:snk-aba71h 
040 |a SNKBUCL  |b slo  |c SNKBUCL  |e AACR2 
041 0 |a slo 
044 |a xo  |c SK 
100 1 |a Mižura, Jozef  |4 aut  |9 687514 
245 1 0 |a VYBRANÉ REPRODUKČNÉ CHARAKTERISTIKY ŠŤUKY SEVERNEJ (Esox lucius L. 1758) V HYDROMELIORAČNÝCH KANÁLOCH PRI HRANI (POVODIE ONDAVY)  |c Jozef Mižura 
773 0 |t Natura Carpatica : zborník Východoslovenského múzea  |g Roč. 39, č. 1 (1998), s. 321-325 
954 |a odborná, vedecká literatúra pôvodná (slovenská)  |2 lita 
958 |a OND 
958 |a EUIPO 
958 |a article13 
999 |c 1920021  |d 1921951